Serie A Crests - Sudden Death - Statistics

General Stats
  • This quiz has been taken 207 times
    72 since last reset
  • The average score is 12 of 20
Answers on the Grid
Answers color-coded by a green-red scale on the quiz's grid according to % correct below.
 
Answer Stats
Answer % Correct
76%
74%
70%
70%
70%
70%
67%
67%
67%
67%
65%
61%
59%
57%
54%
54%
52%
50%
48%
48%
No matching quizzes found
Score Distribution
Percent of People with Each Score
Percentile by Number Answered
Your Score History
You have not taken this quiz since the last reset